Retrouvez les stars 2 - Statistiques

Statistiques générales
  • Ce quiz a été pris 84 fois
  • Le résultat moyen est 4 sur 15
Statistiques - réponses
Serie TV Film Réponse % Correct
Stranger Things Enola Holmes Millie Bobby Brown
92%
La Flamme La vie d'Adèle Adèle Exarchopoulos
87%
Sex Education Eiffel Emma Mackey
43%
Emily in Paris To the bone Lily Collins
37%
Vampire Diaries Love Hard Nina Dobrev
31%
The girl from Plainville Maléfique Elle Fanning
17%
Friends À deux mètres de toi Cole Sprouse
13%
Golden Boy Divergente Theo James
12%
Dickinson The edge of Seventeen Hailee Steinfeld
11%
Jane the Virgin Quelqu'un de bien Gina Rodriguez
8%
Dirty Sexy Money Brain on fire Chloë Grace Moretz
7%
Dynasty Vive les vacances Elizabeth Gillies
5%
Game of Thrones Si tu me venges .. Sophie Turner
5%
Game of Thrones The Falling Maisie Williams
4%
Modern Family Scary Movie 5 Sarah Hyland
4%
Aucun quiz correspondant
Distribution des résultats
% des personnes avec chaque résultat
Percentile par nombre de réponses
Votre historique - résultats
Vous n’avez pas pris ce quiz